000 00653cam a22002053a 4500
001 41373
003 PGUSA
005 20140828083930.0
008 121116s2012||||xxu|||||s|||||000 | eng d
040 _aPGUSA
_beng
042 _adc
100 1 _aBlunt, Wilfrid Scawen,
_d1840-1922
245 1 0 _aSecret History of the English Occupation of Egypt :
_bBeing a Personal Narrative of Events
_h[electronic resource] /
_cWilfrid Scawen Blunt
260 _bProject Gutenberg,
_c2012
506 _aPublic domain in the USA.
516 _aElectronic text
830 0 _aProject Gutenberg
_v41373
856 4 0 _uhttp://www.gutenberg.org/ebooks/41373
942 _cEB
999 _c270625
_d270625